00419nam a2200157Ia 4500003000900000008004100009020001600050040001600066080001700082100001900099245005300118260003800171300001400209650001900223650001900242IN-BaIIA211028s9999 xx 000 0 eng d a471-76615-1 cIIA Library a621.791bSCH aSchwartz, M. M 0aModern metal joining techniquescMel M. Schwartz aNew YorkbJohn Wiley & Sonsc1969 axi, 479p. aNASA thesaurus aWorks practice